Les différents sous genres de musique électronique - Statistiques

Statistiques générales
  • Ce quiz a été pris 193 fois
  • Le résultat moyen est 4 sur 15
Statistiques - réponses
Artiste - Titre Style musical % Correct
Skrillex - Bangarang Dubstep
86%
Animadrop - Aural Deluge Cinematic Dubstep
82%
Timmy Trumpet - Oracle Psytrance
48%
Tokyo Machine - FIGHT EDM
45%
Tha Trickaz - Legend Trap
23%
Martin Garrix - Oops Electro House
18%
KSHMR - Kashmir Progressive House
18%
Carpenter Brut - Turbo Killer Synthwave
12%
Dirtyphonics - Anonymous Drum & Bass
10%
JVST SAY YES - All I Need Bass House
7%
Au5 - Cosmoscope Chillout
7%
Midranger feat. Ratfoot - I'll Be There Future Bass
7%
Code:Pandorum - The Neon Demon Deathstep
6%
Virtual Riot - Dragons Riddim
6%
Figure - Beetlejuice Drumstep
5%
Aucun quiz correspondant
Distribution des résultats
% des personnes avec chaque résultat
Percentile par nombre de réponses
Votre historique - résultats
Vous n’avez pas pris ce quiz